[Event "Maresme op 15th"]
[Site "Maresme"]
[Date "2018.11.17"]
[Round "7"]
[White "Garcia Raschke, Hernan"]
[Black "Murciano Criado, Victor"]
[Result "0-1"]
[WhiteElo "1196"]
[BlackElo "1439"]
[PlyCount "70"]
[EventDate "2018.09.29"]
[EventType "swiss"]
[EventRounds "9"]
[EventCountry "ESP"]
[SourceTitle "EXT 2024"]
[Source "ChessBase"]
[SourceDate "2023.10.10"]
[SourceVersion "1"]
[SourceVersionDate "2023.10.10"]
[SourceQuality "1"]

1. e4 e5 2. Nf3 Nc6 3. Bc4 Nf6 4. Ng5 Qe7 5. Nxf7 Rg8 6. 0-0 Nxe4 7. Nc3 Nf6 8. Nd5 Qc5 9. Nxc7+ Ke7 10. Nxa8 Qxc4 11. d3 Qxf7 12. Re1 Kd8 13. d4 exd4 14. Bf4 Nd5 15. Bg3 b6 16. Bh4+ Be7 17. Bxe7+ Ndxe7 18. Qe2 Re8 19. Rad1 Bb7 20. Nxb6 axb6 21. Qd2 Qg6 22. g3 Qf6 23. c3 Ne5 24. cxd4 Nf3+ 25. Kf1 Nxd2+ 26. Rxd2 Nd5 27. Red1 Ba6+ 28. Kg1 Qf3 29. a4 Nf6 30. d5 Ne4 31. Rd4 Ng5 32. Rh4 Re2 33. Rf1 Rxb2 34. Re1 Qxf2+ 35. Kh1 Qg2# 0-1

[Event "Foment Martinenc op-C 19st"]
[Site "Barcelona"]
[Date "2017.04.29"]
[Round "2.20"]
[White "Murciano Criado, Victor"]
[Black "Bernat Mor, Juli"]
[Result "1-0"]
[WhiteElo "1368"]
[BlackElo "1730"]
[PlyCount "33"]
[EventDate "2017.04.22"]
[EventType "swiss"]
[EventRounds "9"]
[EventCountry "ESP"]
[SourceTitle "EXT 2024"]
[Source "ChessBase"]
[SourceDate "2023.10.10"]
[SourceVersion "1"]
[SourceVersionDate "2023.10.10"]
[SourceQuality "1"]

1. e4 c6 2. d4 d5 3. Nc3 dxe4 4. Nxe4 Nd7 5. Nf3 Ngf6 6. Ng3 e6 7. Bc4 g6 8. 0-0 Bg7 9. Qe2 0-0 10. Bf4 b5 11. Bd3 Nd5 12. Be5 Nxe5 13. dxe5 Nf4 14. Qe4 Nd5 15. h3 Ba6 16. Nh5 gxh5 17. Qxh7# 1-0

[Event "Foment Martinenc op-C 18th"]
[Site "Barcelona"]
[Date "2016.05.21"]
[Round "5"]
[White "Leon Gimenez, Alvaro"]
[Black "Murciano Criado, Victor"]
[Result "0-1"]
[WhiteElo "1656"]
[BlackElo "1355"]
[PlyCount "130"]
[EventDate "2016.04.23"]
[EventType "swiss"]
[EventRounds "9"]
[EventCountry "ESP"]
[SourceTitle "EXT 2017"]
[Source "ChessBase"]
[SourceDate "2016.10.25"]
[SourceVersion "1"]
[SourceVersionDate "2016.10.25"]
[SourceQuality "1"]

1. c4 e5 2. g3 Nc6 3. Bg2 Nf6 4. e3 Bb4 5. a3 Bc5 6. b4 Bd6 7. c5 Be7 8. Ne2 d5 9. cxd6 Bxd6 10. Nbc3 Bg4 11. h3 Bh5 12. 0-0 0-0 13. Kh2 Qe7 14. Bb2 Rfe8 15. Qa4 e4 16. Nc1 Rad8 17. d3 exd3 18. Nxd3 h6 19. b5 Ne5 20. Nxe5 Bxe5 21. f4 Bxc3 22. Bxc3 Qxe3 23. Rac1 Rd3 24. Rfe1 Qc5 25. Bxf6 Qf8 26. Rxe8 Qxe8 27. g4 Bg6 28. f5 Bh7 29. Rd1 Re3 30. Bd4 Re7 31. f6 Re2 32. fxg7 Bc2 33. Qxa7 Bxd1 34. a4 Qd7 35. Qa8+ Re8 36. Qa7 b6 37. Bc3 Qd3 38. Qxc7 Re3 39. a5 bxa5 40. Qxa5 Qxc3 41. Qb6 Bf3 42. Bf1 Re1 43. Qf2 Rd1 44. b6 Qc6 45. Kg3 Be4 46. Qe2 Rb1 47. Qe3 Rxf1 48. Qd2 Qxb6 49. Qd7 Kxg7 50. Qe7 Bg6 51. h4 Qb3+ 52. Kg2 Rc1 53. Qe5+ Kh7 54. Qe2 Rc2 55. Qxc2 Bxc2 56. g5 hxg5 57. hxg5 Kg6 58. Kf2 Kxg5 59. Kf1 f5 60. Kg1 f4 61. Kf1 Kg4 62. Kg1 f3 63. Kf1 Kg3 64. Kg1 f2+ 65. Kf1 Qc4# 0-1